Polen-Quiz - Statistiken

Allgemein
  • Dieses Quiz wurde 3.259 mal gespielt
  • Das Durchschnittsergebnis liegt bei 12 aus 22
Antwortstatistiken
Frage Antwort % Korrekt
Hauptstadt Polens Warschau
99%
Meer, das an Nordpolen grenzt Ostsee
84%
Name von Polen auf Polnisch Polska
84%
Zweitgrößte Stadt / ehemalige Hauptstadt Krakau
82%
Ehemalige « freie » Stadt an der Nordküste Polens Danzig
81%
Fluss an der deutsch-polnischen Grenze Oder
79%
Polnischer Fussballer mit den meisten Bundesligatoren Robert Lewandowski
73%
Währung von Polen Złoty
73%
Radiationschemikerin und erste Nobelpreisträgerin der Geschichte Marie Curie
67%
Polnischer Papst, 1978-2005 Johannes Paul II
56%
Größte Stadte der historischen Region Schlesiens Breslau
51%
Längster Fluss Weichsel
51%
Beschreiber des heliozentrischen Weltbilds des Solarsystems Nikolaus Kopernikus
49%
Polnische gefüllte Teigtasche Pirogge
44%
Klavier-Wunderkind und Komponist der "Polonaises" Frédéric Chopin
37%
1980 entstandene Gewerkschaft gegen die Sowjets Solidarnosć
29%
Anführer dieses Bunds und Präsident Polens, 1990-95 Lech Wałęsa
28%
Kontroverser Filmemacher von "Der Pianist" Roman Polanski
25%
Größte Stadte der historischen Region Schlesiens Katowice
23%
Gefüllte Doughnuts, die am letzten Donnerstag vor der Fastenzeit verspeist werden Pączki
21%
Art von Wildrind, die 1627 ausstarb Auerochs
14%
Letzter König Polens Stanisław II August
9%
Keine übereinstimmenden Quizze gefunden
Verteilung der Resultate
Anzahl Personen mit jedem Resultat
Perzentil nach korrekt beantworteten Fragen
Ihre Resultats-Entwicklung
Sie haben dieses Quiz noch nicht gespielt